000 00833nam a2200301Ia 4500
999 _c51297
_d51297
001 18266
003 GE_BSU
005 20230313150422.0
008 181216s2010||||fr |||||||||||||| ||fre||
020 _a9782011557971
040 _cGE_BSU
041 _afre
080 _a811.133.1 G-94
100 _aGuilloux, M.
_917188
245 _aAlter Ego C1>C2 :
_bMethode de Francais 5 /
_cM. Guilloux, Cecile Herry, Sylve Pons.
_h
260 _aParis
260 _c2010
264 _aParis :
_bHachette,
_c2010.
300 _a216 p. ;
_c29 sm.
_e+1CD mp3
541 _h114 Gel.
653 _aAlter Ego
653 _aMethode de Francais 5
653 _aგრამატიკა
653 _aფრანგული ენა
700 _aHerry, Cecile
_eby
_917189
700 _aPons, Sylve
_eby
_917190
942 _cBK
_2udc